| 000 | 00907nam a2200229Ia 4500 | ||
|---|---|---|---|
| 003 | IN-BaIIA | ||
| 008 | 211028s9999 xx 000 0 eng d | ||
| 020 | _a1-58381-123-0 | ||
| 040 | _cIIA Library | ||
| 080 |
_a082.2:52 _bASP-280 |
||
| 111 |
_aWorkshop on Next Generation Wide-Field Multi-Object Spectroscopy _cUSA _d2001 Oct. 11-12 _928341 |
||
| 245 | 0 |
_aNext generation wide-field multi-object spectroscopy _bproceedings of a workshop held in Arizona, USA, 11-12 Oct 2001 _cedited by M. J. I. Brown and A. Dey |
|
| 260 |
_aCalifornia _bAstronomical Society of the Pacific _c2002 |
||
| 300 | _axii, 144p. | ||
| 490 | _aASP conference series; v. 280 | ||
| 650 | _aSpectrophotometry | ||
| 650 |
_aStellar populations _93380 |
||
| 650 |
_aWalf-rayet galaxies _928342 |
||
| 700 |
_aBrown. M. J. I., ed. _928343 |
||
| 700 |
_aDey. A., ed. _928344 |
||
| 942 | _cBK | ||
| 999 |
_c15359 _d15359 |
||